Mother Mother - Body Lyric Quiz - Statistics

General Stats
  • This quiz has been taken 458 times
  • The average score is 110 of 129
Answer Stats
Answer % Correct
A
100%
the
100%
and
99%
my
99%
Take
99%
take
99%
arms
98%
eyes
98%
legs
98%
them
98%
aside
97%
body
95%
tired
93%
of
92%
it
90%
this
90%
in
89%
they
89%
way
89%
heart
87%
apart
86%
get
86%
hands
86%
grown
85%
I've
85%
face
84%
heavy
84%
lungs
81%
brain
80%
ears
80%
go
80%
pull
79%
run
79%
cumbersome
76%
understand
76%
they'll
75%
all
73%
desecrate
73%
fun
73%
have
73%
teeth
73%
some
72%
away
71%
nose
71%
what
71%
disappear
70%
remains
70%
tear
70%
throw
69%
tongue
68%
or
66%
through
66%
cheeks
64%
dispose
64%
for
61%
points
59%
joints
58%
Oh
58%
just
57%
me
57%
Fall
55%
you
54%
without
51%
would
37%
cos
11%
No matching quizzes found
Score Distribution
Percent of People with Each Score
Percentile by Number Answered
Your Score History
You have not taken this quiz